Rapunzel / (Record no. 1753)

MARC details
000 -LEADER
fixed length control field 01549cam a22004577a 4500
001 - CONTROL NUMBER
control field data
005 - DATE AND TIME OF LATEST TRANSACTION
control field 20260322212116.0
008 - FIXED-LENGTH DATA ELEMENTS--GENERAL INFORMATION
fixed length control field data
035 ## - SYSTEM CONTROL NUMBER
System control number 17487561
010 ## - LIBRARY OF CONGRESS CONTROL NUMBER
LC control number 2012951229
020 ## - INTERNATIONAL STANDARD BOOK NUMBER
International Standard Book Number 9780805097900
Qualifying information boardbook
020 ## - INTERNATIONAL STANDARD BOOK NUMBER
International Standard Book Number 0805097902
Qualifying information boardbook
035 ## - SYSTEM CONTROL NUMBER
System control number (OCoLC)812252585
040 ## - CATALOGING SOURCE
Original cataloging agency BTCTA
Language of cataloging eng
Transcribing agency BTCTA
Modifying agency DLC
-- YDXCP
-- IOS
-- KCP
-- OCP
-- OCLCF
-- DLC
042 ## - AUTHENTICATION CODE
Authentication code lccopycat
050 00 - LIBRARY OF CONGRESS CALL NUMBER
Classification number PZ8.B423115
Item number Rap 2013
082 00 - DEWEY DECIMAL CLASSIFICATION NUMBER
Classification number [E]
Edition information 23
100 1# - MAIN ENTRY--PERSONAL NAME
Personal name Belle, Trixie.
245 10 - TITLE STATEMENT
Title Rapunzel /
Statement of responsibility, etc. Trixie Belle and Melissa Caruso-Scott ; illustrated by Oliver Lake.
250 ## - EDITION STATEMENT
Edition statement 1st ed.
260 ## - PUBLICATION, DISTRIBUTION, ETC.
Place of publication, distribution, etc. New York :
Name of publisher, distributor, etc. Henry Holt and Co. LLC,
Date of publication, distribution, etc. 2013.
300 ## - PHYSICAL DESCRIPTION
Extent 1 v. (unpaged) :
Other physical details col. ill. ;
Dimensions 16 cm.
336 ## - CONTENT TYPE
Content type term text
Content type code txt
Source rdacontent
337 ## - MEDIA TYPE
Media type term unmediated
Media type code n
Source rdamedia
338 ## - CARRIER TYPE
Carrier type term volume
Carrier type code nc
Source rdacarrier
490 1# - SERIES STATEMENT
Series statement Les petits fairytales
500 ## - GENERAL NOTE
General note Cover title.
500 ## - GENERAL NOTE
General note On board pages.
520 ## - SUMMARY, ETC.
Summary, etc. Very simple version of the Rapunzel tale in which a girl is hidden away in a tower by her guardian.
650 #0 - SUBJECT ADDED ENTRY--TOPICAL TERM
Topical term or geographic name entry element Fairy tales.
650 #1 - SUBJECT ADDED ENTRY--TOPICAL TERM
Topical term or geographic name entry element Fairy tales.
650 #7 - SUBJECT ADDED ENTRY--TOPICAL TERM
Topical term or geographic name entry element Fairy tales.
Source of heading or term fast
700 1# - ADDED ENTRY--PERSONAL NAME
Personal name Caruso-Scott, Melissa.
700 1# - ADDED ENTRY--PERSONAL NAME
Personal name Lake, Oliver
Relator term ill.
800 1# - SERIES ADDED ENTRY--PERSONAL NAME
Personal name Belle, Trixie.
Title of a work Petits fairytales.
906 ## - LOCAL DATA ELEMENT F, LDF (RLIN)
a 7
b cbc
c copycat
d 2
e ncip
f 20
g y-gencatlg
925 0# -
-- acquire
-- 1 shelf copies
-- policy default
Holdings
Withdrawn status Lost status Damaged status Not for loan Home library Current library Shelving location Date acquired Total checkouts Full call number Barcode Date last seen Price effective from Koha item type
        Fairview Fairview General stacks 22/03/2026   [E] LOC-FPL-00038 22/03/2026 22/03/2026 Books